000
00195nam a2200109Ia 4500
100
_a
WOODWARD/BOB.
942
_c
BK
245
_a
FINAL DAYS
260
_b
#N/A
546
_a
ENGLISH
999
_c
30180
_d
30180